| 000 | 00705nac a22002291u 4500 | ||
|---|---|---|---|
| 010 | _a 80509562 | ||
| 020 | _a0333289595 : | ||
| 020 | _a0333289609 (pbk.) | ||
| 082 | 0 | 0 |
_a620.11024 _bCIV |
| 090 |
_c9638 _d9638 |
||
| 100 | _a20080729 | ||
| 245 | 0 | 0 |
_aCivil engineering materials / _cedited by N. Jackson. |
| 250 | _a2d ed. | ||
| 260 |
_aLondon : _bMacmillan, _c1980. |
||
| 300 |
_axi, 338 p. : _bill. ; _c25 cm. |
||
| 500 | _aDistributer: Al-Ahram. | ||
| 504 | _aIncludes bibliographies and index. | ||
| 511 | _aCatalogued By: Mahitab. | ||
| 650 | 0 | _aBuilding materials. | |
| 700 | 1 |
_aJackson, N. _q(Neil) |
|
| 942 |
_cBB _k620.11024CIV |
||
| 999 |
_c9638 _d9638 |
||